Online
Catalog

150 años de vida republicana / (Record no. 5524)

MARC details
000 -CABECERA
campo de control de longitud fija 00695cam a2200193 a 4500
001 - NÚMERO DE CONTROL
campo de control 000005728
005 - FECHA Y HORA DE LA ÚLTIMA TRANSACCIÓN
campo de control 20200929151748.0
008 - DATOS DE LONGITUD FIJA--INFORMACIÓN GENERAL
campo de control de longitud fija 841026s1968 ve a 001 0 spa
040 ## - FUENTE DE LA CATALOGACIÓN
Centro catalogador/agencia de origen DO-SdBNP
Lengua de catalogación spa
Centro/agencia transcriptor BNPHU
082 ## - NÚMERO DE LA CLASIFICACIÓN DECIMAL DEWEY
Número de clasificación 987
Número de documento/Ítem S623c
100 1# - ENTRADA PRINCIPAL--NOMBRE DE PERSONA
Nombre de persona Siso Martínez, J. M.
Forma completa/desarrollada del nombre (José Manuel Siso Martínez),
Fechas asociadas al nombre 1918-1971.
9 (RLIN) 16199
245 10 - MENCIÓN DE TÍTULO
Título 150 años de vida republicana /
Mención de responsabilidad, etc. J. M. Siso Martínez.
246 13 - FORMA VARIANTE DE TÍTULO
Título propio/Titulo breve Ciento cincueta años de vida republicana
260 ## - PUBLICACIÓN, DISTRIBUCIÓN, ETC.
Lugar de publicación, distribución, etc. Caracas, Venezuela :
Nombre del editor, distribuidor, etc. Ministerio de Educación. Dirección Técnica,
Fecha de publicación, distribución, etc. 1968.
300 ## - DESCRIPCIÓN FÍSICA
Extensión 243 p. :
Otras características físicas il. ;
Dimensiones 20 cm.
490 1# - MENCIÓN DE SERIE
Mención de serie Virgilia ;
Designación de volumen o secuencia 15.
651 #4 - PUNTO DE ACCESO ADICIONAL DE MATERIA--NOMBRE GEOGRÁFICO
Nombre geográfico Venezuela
Subdivisión general Historia
Subdivisión cronológica 1810-1830
9 (RLIN) 16200
830 #0 - PUNTO DE ACCESO ADICIONAL DE SERIE-TÍTULO UNIFORME
Título uniforme Virgilia ;
Número de parte o sección de la obra 15
9 (RLIN) 16201
Holdings
Estado de retiro Estado de pérdida Restricciones de uso No para préstamo Código de colección Localización permanente Ubicación/localización actual Ubicación en estantería Fecha de adquisición Número de inventario Total de préstamos Signatura topográfica completa Código de barras Fecha visto por última vez Precio válido a partir de Tipo de ítem Koha
        Monografías: Libros y Folletos General General Depósito 21.08.2009 LF1   987 S623c 5728-10 25.06.2020 25.06.2020 Préstamo en sala

Powered by Koha